British Sports Stars By Surname - The Letter J (Photo Quiz) - Statistics

General Stats
  • This quiz has been taken 60 times
  • The average score is 8 of 16
Answer Stats
Picture Hint Answer % Correct
Born 1989 Boxing Anthony Joshua
75%
Born 2001 Football Lauren James
72%
Born 1999 Football Reece James
72%
Born 1967 Athletics Colin Jackson
70%
Born 1993 Athletics Katarina Johnson-Thompson
66%
Born 1970 Rugby Union Martin Johnson
64%
Born 1952 Snooker Joe Johnson
51%
Born 1944 Golf Tony Jacklin
47%
Born 1946 Judo Brian Jacks
45%
1945 - 2024 Rugby Union Barry John
42%
1944 - 2006 Football Jimmy Johnstone
38%
Born 1938 Tennis Ann Jones
32%
Born 1976 Cricket Geraint Jones
32%
Born 1953 Golf Mark James
32%
Born 1965 Swimming Andrew Jameson
17%
Born 1952 Athletics David Jenkins
8%
No matching quizzes found
Score Distribution
Percent of People with Each Score
Percentile by Number Answered
Your Score History
You have not taken this quiz